| 000 | 00581nam a2200181 i 4500 | ||
|---|---|---|---|
| 001 | 99830 | ||
| 003 | ES-MaACL | ||
| 005 | 20251001145916.0 | ||
| 007 | t| | ||
| 008 | 050919s1971 sp ||||1| spa d | ||
| 100 | 1 |
_aMartínez de Mata, Francisco. _978016 |
|
| 245 | 1 | 0 |
_aMemoriales y discursos / _cde Francisco Martínez de Mata; edición y nota preliminar Gonzalo Anes. |
| 260 |
_aMadrid : _bMoneda y Crédito, _c1971. |
||
| 300 |
_a631 p. ; _c19 cm. |
||
| 700 | 1 |
_aAnes, Gonzalo, _d1931-2014 _921689 |
|
| 852 |
_aES-MaACL _jC-41575 _bR.78212 |
||
| 999 |
_c99830 _d99830 |
||